Statistiken für Deutsche Reporter der WM-Finals

Klicken Sie hier um das Quiz zu spielen!

Allgemein

  • Dieses Quiz wurde 65 mal gespielt
    (36 seit der letzten Aktualisierung)
  • Das Durchschnittsergebnis liegt bei 7 aus 17

Antwortstatistiken

JahrFinaleSenderReporter% Korrekt
2018Frankreich - Kroatien 4:2ZDFBela Rethy
93%
2010Spanien - Niederlande 1:0 n.V.ZDFBela Rethy
93%
2002Brasilien - Deutschland 2:0ZDFBela Rethy
93%
2014Deutschland - Argentinien 1:0 n.V.ARDTom Bartels
83%
1990Deutschland - Argentinien 1:0ARDGerd Rubenbauer
43%
1994Brasilien - Italien 3:2 i.E.ZDFMarcel Reif
43%
1998Frankreich - Brasilien 3:0ARDHeribert Faßbender
37%
2006Italien - Frankreich 5:3 i.E.ARDReinhold Beckmann
33%
1986Argentinien - Deutschland 3:2ZDFRolf Kramer
23%
1978Argentinien - Niederlande 3:1ZDFRolf Kramer
23%
1958Brasilien - Schweden 5:2ARDRudi Michel
23%
1982Italien - Deutschland 3:1ARDRudi Michel
23%
1974Deutschland - Niederlande 2:1ARDRudi Michel
23%
1966England - Deutschland 4:2 n.V.ARDRudi Michel
23%
1962Brasilien - CSSR 3:1ARDRudi Michel
23%
1954Deutschland - Ungarn 3:2ARDBernhard Ernst
3%
1970Brasilien - Italien 4:1ZDFWerner Schneider
3%

Verteilung der Resultate

Perzentil nach korrekt beantworteten Fragen

Anzahl Personen mit jedem Resultat

Ihre Resultats-Entwicklung

Sie haben dieses Quiz seit der letzten Aktualisierung nicht gespielt